01540nam a2200277 i 450000100060000000300090000600500170001500700030003200800410003508000230007608000200009910000430011924503690016226000720053130000210060350001030062453000350072765100500076265100370081270000450084971000440089485200960093885201150103485200240114985600890117323689ES-MaACL20250911063528.0t|021212s1860 sp |||| | spa d a94(460)"0711/1492" a314(460)"04/14"1 aMuñoz y Romero, Tomás, d1814-186710aDiscursos leídos ante la Real Academia de la Historia, en la recepción pública de Don Tomás Muñoz y Romero, el día 5 de febrero de 1860 : b[tema: Sobre el origen de la población de los reinos cristianos de la península, el estado de las tierras, la condición social de las clases inferiores, la nobleza y las instituciones generales y locales]. aMadrid : b[s.n.], c1860 (fImp. y Estereotipia de M. Rivadeneyra) a98 p. ; c24 cm. aRecoge el discurso de Tomás Muñoz y Romero y la contestación de José Amador de los Ríos. aDisponible en formato digital. 4aEspaña-xHistoria-y0711-1492, Reconquista. 4aEspaña-xPoblación-yS.V-XV.1 aAmador de los Ríos, José,d1818-18782 aReal Academia de la Historia (España)4 aES-MaACLjT-54-F-2 z- Enc. hol., falto de cub. original z- Enc. en un vol. facticio4 aES-MaACLjF-M-III-G-H (II) z- Enc. pasta española, falto de cub. original z- Enc. en un vol. facticio4 aES-MaACLjT-54-F-124 uhttp://bdh-rd.bne.es/viewer.vm?id=0000111514&page=1 zBiblioteca Digital Hispánica